| 000 | 00766cam a2200205 a 4500 | ||
|---|---|---|---|
| 001 | 000002819 | ||
| 005 | 20200929150250.0 | ||
| 008 | 870217s1996 pr b 001 f spa | ||
| 020 | _a086581404X | ||
| 040 |
_aDO-SdBNP _cDLC _dDLC |
||
| 082 |
_a928.7295 _bZ55S |
||
| 100 | 1 |
_aSánchez de Silva, Arlyn. _98912 |
|
| 245 | 1 | 3 |
_aLa novelistica de Manuel Zeno Gandia / _cArlyn Sánchez de Silva. |
| 246 | 3 | _aManuel Zeno Gandia | |
| 260 |
_aSan Juan de P.R. : _bInstituto de Cultura Puertorriqueña, Programa de Publicaciones y Grabaciones, _c1996. |
||
| 300 |
_avi, 131 p. ; _c21 cm. |
||
| 504 | _aIncluye referencias bibliográficas (p. 128-131). | ||
| 600 | 1 | 4 |
_aZeno Gandia, Manuel, _d1855-1930 _xCRÍTICA E INTERPRETACIÓN _98913 |
| 910 | _aCatalogación por copia / LC | ||
| 999 |
_c2653 _d2653 |
||